| 000 | 00808nam a2200253 a 4500 | ||
|---|---|---|---|
| 001 | 70332 | ||
| 003 | BD-RjUL | ||
| 005 | 20211209082004.0 | ||
| 008 | 170417r19781969enkcfh b 001 0ceng | ||
| 020 | _a0710067755 | ||
| 035 | _a(BD-RjUL)70546 | ||
| 040 |
_aDLC _cDLC _dBD-RjUL _beng |
||
| 041 | _aeng | ||
| 082 | 0 | 0 |
_a910 _223 _bDIM 1978 |
| 100 | 1 |
_aDickinson, Robert E. _q(Robert Eric), _d1905-1981. _9166878 |
|
| 245 | 1 | 4 |
_aThe makers of modern geography / _cby Robert E. Dickinson. |
| 260 |
_aLondon : _bRoutledge & K. Paul, _c1969, [reprinted 1978] |
||
| 300 |
_axiv, 305 p. : _bill. ; _c22 cm. |
||
| 504 | _aBibliography: p. xiv. Bibliographical footnotes. | ||
| 650 | 0 |
_aGeographers _9166880 |
|
| 650 | 0 |
_aGeographers _zFrance. _9166879 |
|
| 650 | 0 |
_aGeographers _zGermany. _9166880 |
|
| 942 |
_2ddc _cBK |
||
| 999 |
_c70332 _d70332 |
||